000 01089nam a22003137a 4500
003 CHAP
005 20220329141107.0
008 971013s1988 r 00010 d
010 _a62491
011 _a63463
035 _a67639
040 _cCHAP
082 _a633.1
_bM67
100 0 0 _aMoreno Martínez, Ernesto.
_978652
245 _aManual para la identificación de hongos en granos y sus derivados
260 _aMéxico, D. F. :
_bUniversidad Nacional Autónoma de México. Coordinación de la Investigación Científica,
_c1988
300 _a109 p.
_b: ilus.
590 _aBATCH-UPD
_b10
_c20130110
_lUCH01
_h1354
590 _aBATCH-UPD
_b10
_c20130410
_lUCH01
_h0849
590 _aBATCH-UPD
_b10
_c20130914
_lUCH01
_h0424
590 _aCONVERSION
_b10
_c20130109
_lUCH01
_h1334
650 1 4 _aAspergillus.
_98118
650 1 4 _aCereales
_xAlmacenamiento
_xPlagas.
_921378
650 1 4 _aCereales
_xEfermedades por hongos.
_921411
650 1 4 _aHongos
_xExcreciones tóxicas.
_956100
901 _aBK
942 _cLIBRO
949 _a633.1 M67
_bBC
_cC
_d33724002201702
_eC
_h92162
_i67639
_sb
999 _c62491
_d62491